| 000 | 00740nam a2200205 i 4500 | ||
|---|---|---|---|
| 001 | 88139 | ||
| 003 | ES-MaACL | ||
| 005 | 20250402191638.0 | ||
| 007 | t| | ||
| 008 | 050103q1952 sp |||| | spa d | ||
| 100 | 1 |
_aLago Alonso, Julio. _969587 |
|
| 245 | 1 | 0 |
_aCurso práctico de francés comercial / _cpor Julio Lago Alonso. |
| 260 |
_aBurgos : _b[s.n., _c1952?] ( _fHijos de Santiago Rodríguez) |
||
| 300 |
_a239 p. : _bil. ; _c23 cm. |
||
| 650 | 0 | 4 |
_aLengua francesa- _vMétodos. _914225 |
| 852 |
_aES-MaACL _jD-6479 _991367 _bR.M. 6072 _cSVI _fSello en tinta azul de la Biblioteca del Ateneo de Madrid _xEncuadernación holandesa en tela marrón |
||
| 942 |
_2udc _cMONOGRAFIA |
||
| 999 |
_c88139 _d88139 |
||